000 00982nam a2200253Ia 4500
003 Ost
005 20260507075147.0
008 260507s9999||||xx |||||||||||||| ||und||
020 _a4172499579
040 _cfsecg
041 _aara
082 _a330
100 _aالرماحي، نواف محمد عباس
_eمؤلف
245 0 _aمراجعة المعاملات المالية /
_c نواف محمد عباس الرماحي
260 _aعمان:
_bدار صفاء,
_c2008
300 _a200 صفحة؛
_bإيضاحات ؛
_c25 سم
504 _aالمراجع ص.199(اقتناءات 2011 ب15نسخة)
520 _aمقدمة عن التدقيق- المدقق(مراقب الحسابات)- الأخطاء- مستلزمات عملية التدقيق- نظام الرقابة الداخلية
653 _aالتدقيق
653 _aالمحاسبة- المالية
653 _aالمراجعة
653 _aتدقيق الحسابات
942 _cكتاب
999 _c43323
_d43323